| 000 | 00640cam a22002291 4500 | ||
|---|---|---|---|
| 001 | sa 65001476 | ||
| 003 | DLC | ||
| 005 | 20260227112109.0 | ||
| 008 | 890315s1964 io 000 0 ind | ||
| 010 | _asa 65001476 | ||
| 035 | _a(OCoLC)23557166 | ||
| 040 |
_aDLC _cMiU _dDLC |
||
| 042 | _apremarc | ||
| 043 | _aa-io--- | ||
| 050 | 0 | 0 |
_aUA853.I5 _bA65 |
| 100 | 1 |
_aAidit, D. N., _d1923-1965. |
|
| 245 | 1 | 0 |
_aRevolusi Angkatan bersendjata & Partai Komunis; _bPKI dan AURI II |
| 260 |
_aDjakarta, _bJajasan Pembaruan, _c1964. |
||
| 300 |
_a44 p. _c15 cm. |
||
| 610 | 1 | 0 |
_aIndonesia. _bAngkatan Perang. |
| 610 | 2 | 0 | _aPartai Komunis Indonesia. |
| 999 |
_c62071 _d62071 |
||